000 00335nam a22001457a 4500
999 _c54899
_d54899
008 190925b ||||| |||| 00| 0 eng d
020 _a9780073380452
041 _aeng
080 _a621.38
_b621.38
082 _a621.38
100 _a28
101 _aSHKI
245 _aMicroelectronic Circuit Design
_cJaeger,R.C
942 _2udc
_cBK